00962 2200325 4500001002100000005001500021035002000036007000300056040001700059100002800076245011200104250001200216300003100228020001800259041000800277082001200285084001800297090001900315264005100334336002100385337003000406338002300436650001800459700004500477850001000522008004100532990002100573990002100594990002100615INLIS00000000000592420260421025824 a0010-0322000168ta aSBPUPADbInd0 aMartin PerryePengarang1 aMengembangkan Usaha Kecil :bDengan meemanfaa'atkaan berbagai bentuk jaringan kerja ekonomi /cMartin Perry a.-cet.2 a344 hal. :billus ;c23 cm a979-421-796-40 aInd a338.642 a338.642 MAR m a340 ZAI m 11-1 a.--Jakarta :bPT Raja Grafindo Persada,c2002 2rdacontentaTeks 2rdamediaaTanpa Perantara 2rdacarrieravolume 4aUndang-Undang aPenerjemah, Tri Budhi SastrioePengarang aPUPAD260421 0  a208/BR/KAPD/2011 a210/BR/KAPD/2011 a209/BR/KAPD/2011